| 000 | 01077nam a2200325 4500 | ||
|---|---|---|---|
| 001 | 001503983 | ||
| 003 | DO-SdBNP | ||
| 005 | 20180131132949.0 | ||
| 007 | 001503983 | ||
| 008 | 000406s1999 sp | ||| ||spa | ||
| 016 | 7 |
_a _2BPMSU |
|
| 017 | _b | ||
| 020 | _a8431649852 | ||
| 035 | _a | ||
| 040 |
_aBPMSU _bspa _cBPMSU _e |
||
| 041 | 1 |
_aspa _h |
|
| 080 | 0 | _a | |
| 245 | 1 | 4 |
_aLas mil y una noches / _h _cselección de Brian Alderson ; notas y propuestas de trabajo, Agustín Sánchez Aguilar ; traducción José Luis López Muñoz, Javier de la Iglesia ; ilustración, Michael Foreman |
| 250 | _a | ||
| 260 |
_aBarcelona : _bVicens Vives _c1999 |
||
| 300 |
_aXXX, 210, 15 p. ; _bil. : _c20 cm. _e1 guía didáctica (31 p.) |
||
| 490 | 1 |
_aAula de literatura Vicens Vives _v30 |
|
| 700 | 1 | _aAlderson, Brian | |
| 700 | 1 | _aLópez Muñoz, José Luis | |
| 700 | 1 | _aIglesia, Javier de la | |
| 830 | 0 |
_aAula de literatura Vicens-Vives _v30 |
|
| 942 |
_2ddc _cBK |
||
| 945 | _aInventariado extranjero / 2017 VM | ||
| 956 |
_aVMATEO _210 _320151208 _6BPMSU _800151 |
||
| 999 |
_c9042 _d9042 |
||